Първа храна на здравиа человечески ум (Запис номер 391710)
[ съкратено ]
| 000 -Лидер | |
|---|---|
| Контролно поле с фиксирана дължина | nmm a22 c 4500 |
| 003 - Код на организацията, давaща контролен номер | |
| Контролно поле | BLK |
| 005 - Дата и час на последна редакция | |
| Контролно поле | 20230324151551.0 |
| 008 - Елементи от данни с фиксирана дължина | |
| fixed length control field | 180409b bul|||||r ||||||| ||bul|| |
| 010 ## - Наследен системен номер | |
| LC control number | KNG00146325000 |
| 037 ## - Източник за комплектуване - предоставяща организация | |
| Баркод или инв.номер в предоставящата организация | 3282/66 |
| Предоставяща организация (билиотека) | Читалище "Постоянство" 1856 - Лом |
| 040 ## - Източник на каталожния запис | |
| Идентификатор на билиотеката - собственик на записа | BLK |
| 041 ## - Код за език | |
| Код за езика на текст/звукозапис или на отделно заглавие | Български |
| Код за езика КДБФ | Български |
| 072 #7 - Код за тематичната категория | |
| Код организация | bullib |
| Код за тематична категория | С |
| Текст | Старопечатен фонд |
| 080 ## - УДК | |
| Текстов определител УДК | Общи енциклопедии. Енциклопедични речници. Научни справочници. Отраслови енциклопедии и справочници се класират в съответните отдели с определител за форма |
| УДК код - определител по УДК | 03 |
| УДК - код + определител | 03 |
| 100 1# - Редна дума - Автор | |
| Автор | Тиме, Карл Трайгот |
| Авторска отговорност | първи автор |
| R(LIN) | 128829 |
| 139 ## - Редно поле | |
| Редна дума | Тиме, Карл Трайгот |
| Авторски знак | Тим - Т 55 |
| 245 10 - Сведения за заглавието | |
| Заглавие | Първа храна на здравиа человечески ум |
| Подзаглавни данни | Напечатана с иждивението на г-на Кара-Никола Ангелова т.-пазарджичина |
| Редно поле (дума) | Карл Трайгот Тиме; прев. от нем. на гр. Георгиос Генадиос; прев. от гр. Иван П. Чичи. |
| 257 ## - Страна на издаване | |
| Страна на създаване/издаване | Германия |
| 260 ## - Област на издателските данни | |
| Година на издаване | 1858 |
| Печатница | Цариград : В книгопеч. на Д. Цанкова и Б. Миркова |
| 300 ## - Физическа характеристика | |
| Страници | 162 с. |
| Размери/Мащаб | 22 см |
| 380 ## - Жанр | |
| Жанр | Общ отдел |
| 490 ## - СЕРИИ (Колекции) | |
| 9 (RLIN) | 410374 |
| Име на серия | Писмените съкровища на Долен Дунав |
| 500 ## - Общи забележки | |
| Забележка | Книгата е от Народно читалище "Постоянство" 1856 - Лом по проект "Писмените съкровища на Долен Дунав" |
| 650 #4 - Допълнително описание по предмет – тема | |
| Основно описание – тема или топоним | Енциклопедии |
| 9 (RLIN) | 154961 |
| 653 ## - Ключова дума – ненормативна | |
| Ключова дума | енциклопедии |
| 659 ## - Тематичен бюлетин | |
| Тематичен бюлетин | С |
| 700 1# - Други автори (авторска отговорност) | |
| Лично име | Генадиос, Георгиос |
| Автороска отговорност (Описва отношението между автора и произведението) | прев. от нем. на гр. |
| 9 (RLIN) | 51800 |
| 700 1# - Други автори (авторска отговорност) | |
| Лично име | Чичи, Иван П. |
| Автороска отговорност (Описва отношението между автора и произведението) | прев. от гр. |
| 9 (RLIN) | 327004 |
| 856 4# - Електронен адрес и достъп | |
| Електронен формат | pdf - файл |
| Път до файла /url/ | http://87.120.137.51:18080/cgi-bin/koha/opac-retrieve-file.pl?id=2de815587a774b8017dbc706bf16b79b |
| Име на файл | Първа храна |
| Инструкция (цена за достъп) | 0.00 |
| Права за достъп | Достъп за регистрирани потребители |
| Допълнителна информация (Корица, съдържание, пълен текст, звуков файл, HTML файл) | Електронна книга |
| 999 ## - СИСТЕМНИ КОНТРОЛНИ НОМЕРА | |
| Koha biblionumber | 391710 |
| Koha biblioitemnumber | 391710 |
| 942 ## - АРТИКУЛИ | |
| Вид на библиотечния материал | Електронен екземпляр |
| Скрит в OPAC | Не |
| Периодичен библиозапис | Да |
| 944 ## - СЪЗДАВАНЕ И РЕДАКЦИЯ на ЗАПИСА | |
| Създаване/Редакция | Създаване |
| Дата на регистрацията/редакция | 2020-11-20 |
| Служител, извършил регистрацията/редакцията | Кристиан Велковски |
| Статус, дата на статуса | 2020-11-20 |
| 999 ## - СИСТЕМНИ КОНТРОЛНИ НОМЕРА | |
| Koha biblioitemnumber | 391710 |
| 999 ## - СИСТЕМНИ КОНТРОЛНИ НОМЕРА | |
| Koha biblioitemnumber | 391710 |
| 999 ## - СИСТЕМНИ КОНТРОЛНИ НОМЕРА | |
| Koha biblioitemnumber | 391710 |
| 999 ## - СИСТЕМНИ КОНТРОЛНИ НОМЕРА | |
| Koha biblioitemnumber | 140265 |
| Код за отписване | Код за изгубен артикул | Източник на класификационната схема | Код за повреда | Коз за рестрикции | Код за отдаване | Артикулен № | Име на библиотеката - собственик | Име на библиотеката, в която се намира в момента | Статус (Текущо местоположение) | Дата на вписване в системата | Местоположение - отдел | Цена в лева | Инвентарен номер | Баркод | Цена в евро | Служебен тип на артикула |
|---|---|---|---|---|---|---|---|---|---|---|---|---|---|---|---|---|
| Не е изгубен | Universal Decimal Classification | Не е повреден | без рестрикции | заемане за дома | 810653 | Регионална библиотека "Любен Каравелов" Русе | Регионална библиотека "Любен Каравелов" Русе | ROBG-290 Писмените съкровища на Долен Дунав | 2021-02-05 | ROBG-290 Писмените съкровища на Долен Дунав | 0.00 | 3282/66 | 700000000182 | 0.00 | Електронен екземпляр |